banner-ar

MAKE MONEY FROM WOOD TURNING / (Record no. 12216)

MARC details
000 -الفاتح
حقل البيانات ثابتة الطول 00472nam a2200181Ia 4500
008 - عناصر البيانات ثابتة الطول - معلومات عامة
حقل البيانات ثابتة الطول 140319s9999 xx 000 0 eng d
040 ## - مصدر الفهرسة
وكالة الفهرسة الأصلية GCL /
وكالة النسخ GCL
082 04 - رقم تصنيف ديوى العشرى
رقم التصنيف 674.8
رقم المادة P M
100 1# - المدخل الرئيسى - إسم شخصى
الإسم الشخصى PHILIPS, ANN
245 10 - بيان العنوان
العنوان MAKE MONEY FROM WOOD TURNING /
بيان المسئوليه,etc PHILIPS, ANN
700 1# - المدخل الاضافى - اسم شخصى
الإسم الشخصى PHILIPS, BOB
260 ## - PUBLICATION, DISTRIBUTION, ETC. (IMPRINT)
تاريخ النشر أو التوزيع 1994
300 ## - الوصف المادى
التعداد 156 P
650 04 - المدخل الاضافى بالموضوع-مصطلح موضوعى
مصطلح موضوعي WOOD
650 04 - المدخل الاضافى بالموضوع-مصطلح موضوعى
مصطلح موضوعي WOOD PROUCTS
942 ## - عناصر المدخل الإضافي( كوها)
مصدر التصنيف او مخطط الترفيف Dewey Decimal Classification
Koha [default] item type كتاب
260 ## - PUBLICATION, DISTRIBUTION, ETC. (IMPRINT)
-- [S.N] :
-- GUILD OF MASTER CRAFTSMAN PUBLICATIONS L ،
Holdings
حالة التراجع حالة الفقد حالة تلف ليس للاعارة المكان المؤقت الموقع الحالى تاريخ الاكتساب اجمالي اﻻعارات رقم الطلب الباركود تاريخ اخر مشاهدة تاريخ تفعيل السعر نوع وعاء كوها
        مكتبة القاهرة الكبرى مكتبة القاهرة الكبرى 03/26/2014   674.8\P M 23858 03/26/2014 03/26/2014 كتاب

Powered By

EGPV